| 000 | 00472nam a2200193Ia 4500 | ||
|---|---|---|---|
| 005 | 20230921114012.0 | ||
| 008 | 131103s9999 xx 000 0 und d | ||
| 020 | _a1 854712136 | ||
| 040 | _aLoreto College | ||
| 041 | _aEnglish | ||
| 082 |
_aF _bMON |
||
| 100 | _aMontgomery,L.M. | ||
| 245 |
_aAnne of the Island _cL.M.Montgomery |
||
| 260 |
_aLondon _bBloomsbury Books _c256 p. |
||
| 300 | _a1994 | ||
| 650 | _aFiction in English | ||
| 850 | _aLCLIB | ||
| 942 | _cBK | ||
| 999 |
_c15719 _d66198 |
||